| 000 | 00400nam a2200121Ia 4500 | ||
|---|---|---|---|
| 008 | 170224s9999 xx 000 0 und d | ||
| 245 | _aDiscount and disengage: How chronic negative expressivity undermines partner responsiveness to negative disclosures. | ||
| 260 | _bJournal of Personality and Social Psychology | ||
| 260 | _c2014 | ||
| 300 | _a107:6 | ||
| 500 | _aDecember | ||
| 650 | _xPsychology. | ||
| 999 |
_c316446 _d316446 |
||